00558nam a2200193Ia 450000500170000000800410001704000190005804100120007708200170008910000200010624500510012625000330017726000350021030000290024544000450027450400190031965000150033885000110035320240419135432.0131103s9999 xx 000 0 und d aLoreto College aEnglish a370.15 bCLA aClark,Donald H. 4aThe Psychology of Educationb cDonald H.Clark acurrent issues and resourch  aNew YorkbThe Free Pressc1967 axiv,272 p.b ill.,tables aCurrent Issues and Research In Education aIncludes index aPsychology aLCBED